State University of New York (SUNY) schools - Statistics

General Stats
  • This quiz has been taken 350 times
    253 since last reset
  • The average score is 13 of 29
Answer Stats
Hint Answer % Correct
UC Buffalo
93%
Comp Buffalo State/Buffalo
93%
UC Albany
91%
UC Binghamton
90%
UC Stony Brook
80%
Comp Oneonta
68%
Comp Geneseo
61%
Comp Cortland
60%
Comp New Paltz
60%
Comp Oswego
60%
Comp Plattsburgh
55%
Comp Fredonia
42%
Comp Purchase
41%
Comp Brockport
40%
Comp Potsdam
37%
Tech Delhi
35%
Tech Alfred State/Alfred
27%
SDGU Environmental Science and Forestry/ESF
26%
Tech Farmingdale
26%
Tech Cobleskill
24%
Tech SUNY Poly/Poly
24%
SDGU Upstate Medical/Upstate
24%
Tech Canton
23%
SDGU Downstate Medical/Downstate
22%
Tech Maritime
19%
Comp Old Westbury
19%
Tech Morrisville
14%
Comp Empire State College/Empire State
9%
SDGU Optometry
9%
No matching quizzes found
Score Distribution
Percent of People with Each Score
Percentile by Number Answered
Your Score History
You have not taken this quiz since the last reset